Introduction to the optical spectroscopy of inorganic solids (Record no. 1212132)
[ view plain ]
| 000 -LEADER | |
|---|---|
| fixed length control field | 01249nam a2200337Ia 4500 |
| 003 - CONTROL NUMBER IDENTIFIER | |
| control field | OSt |
| 005 - DATE AND TIME OF LATEST TRANSACTION | |
| control field | 20221007123557.0 |
| 008 - FIXED-LENGTH DATA ELEMENTS--GENERAL INFORMATION | |
| fixed length control field | 221006b |||||||| |||| 00| 0 eng d |
| 020 ## - INTERNATIONAL STANDARD BOOK NUMBER | |
| International Standard Book Number | 047868864 (pbk) |
| 037 ## - SOURCE OF ACQUISITION | |
| Terms of availability | Textual |
| 040 ## - CATALOGING SOURCE | |
| Original cataloging agency | PAPL |
| Transcribing agency | PAPL |
| Language of cataloging | eng |
| 041 ## - LANGUAGE CODE | |
| Source of code | eng |
| Language code of text/sound track or separate title | eng |
| 100 ## - MAIN ENTRY--PERSONAL NAME | |
| Personal name | Sole Jose Garcia |
| 9 (RLIN) | 717437 |
| 245 #0 - TITLE STATEMENT | |
| Title | Introduction to the optical spectroscopy of inorganic solids |
| Remainder of title | Bausa Louisa E Jaque Daniel |
| 260 ## - PUBLICATION, DISTRIBUTION, ETC. | |
| Place of publication, distribution, etc. | New |
| Name of publisher, distributor, etc. | Jersey John Wiley & Sons Ltd |
| Date of publication, distribution, etc. | 2005 |
| 300 ## - PHYSICAL DESCRIPTION | |
| Extent | xiii,283p. |
| Dimensions | cm. |
| 500 ## - GENERAL NOTE | |
| General note | Includes bibliographical references.; Appendix A-A4, 263-275p.; Index 277-283p. |
| 650 ## - SUBJECT ADDED ENTRY--TOPICAL TERM | |
| Topical term or geographic name entry element | Chemistry- Inorganic |
| 9 (RLIN) | 717438 |
| 650 ## - SUBJECT ADDED ENTRY--TOPICAL TERM | |
| Topical term or geographic name entry element | Energy-band theory of solids |
| 9 (RLIN) | 717439 |
| 650 ## - SUBJECT ADDED ENTRY--TOPICAL TERM | |
| Topical term or geographic name entry element | Solid state chemistry |
| 9 (RLIN) | 717440 |
| 650 ## - SUBJECT ADDED ENTRY--TOPICAL TERM | |
| Topical term or geographic name entry element | Solids-Spectra |
| 9 (RLIN) | 717441 |
| 650 ## - SUBJECT ADDED ENTRY--TOPICAL TERM | |
| Topical term or geographic name entry element | Physics |
| 700 ## - ADDED ENTRY--PERSONAL NAME | |
| Personal name | Bausa Louisa E |
| 9 (RLIN) | 717442 |
| 700 ## - ADDED ENTRY--PERSONAL NAME | |
| Personal name | Jaque Daniel |
| 9 (RLIN) | 717443 |
| 942 ## - ADDED ENTRY ELEMENTS (KOHA) | |
| Classification part | C21-5:3, P5 Carpa |
| Koha item type | Textual |
| Source of classification or shelving scheme | Colon Classification (CC) |
| Withdrawn status | Lost status | Source of classification or shelving scheme | Damaged status | Not for loan | Home library | Current library | Date acquired | Source of acquisition | Total Checkouts | Full call number | Barcode | Date last seen | Price effective from | Koha item type |
|---|---|---|---|---|---|---|---|---|---|---|---|---|---|---|
| Colon Classification (CC) | Department of Physics and Astrophysics Library | Department of Physics and Astrophysics Library | 2022-10-07 | 1136, 10/11/2005, Unilib Book Distributors | C21-5:3 P5 Carpa | PA0005739 | 2022-10-07 | 2022-10-07 | Textual |
